000 00461nam a22001217a 4500
008 231016b |||||||| |||| 00| 0 eng d
100 _aCLARA JEPKOECH
245 _aISOLATION AND CHARACTERIZATION OF PHYTOCHEMICALS FROM THE AERIAL OF VERNONIA AURICULIFERA HIERN (ASTERACEAE) WITH POTENTIAL ANTIBACTERIAL PRINCIPLES
300 _aXV11,115P
500 _aINCLUDES BIBLIOGRAPHY AND INDEXES
650 _a1. MEDICINAL PLANTS 2. PHYTOCHEMICALS
942 _2lcc
_cREF
999 _c207724
_d207724